2020年の日本のG1勝ち馬 - Statistics

General Stats
  • This quiz has been taken 3 times
  • The average score is 19 of 36
Answer Stats
Answer % Correct
ラッキーライラック
100%
デアリングタクト
100%
コントレイル
100%
フィエールマン
100%
デアリングタクト
100%
コントレイル
100%
グランアレグリア
100%
クロノジェネシス
100%
デアリングタクト
100%
コントレイル
100%
アーモンドアイ
100%
ラッキーライラック
100%
グランアレグリア
100%
アーモンドアイ
100%
ソダシ
100%
クロノジェネシス
100%
オジュウチョウサン
67%
アーモンドアイ
67%
グランアレグリア
67%
モズアスコット
33%
モズスーパーフレア
33%
ラウダシオン
33%
オメガパフューム
33%
チュウワウィザード
0%
ワイドファラオ
0%
クリソベリル
0%
ダノンファラオ
0%
アルクトス
0%
ファッショニスタ
0%
サブノジュニア
0%
クリソベリル
0%
チュウワウィザード
0%
アランバローズ
0%
グレナディアガーズ
0%
ダノンザキッド
0%
メイショウダッサイ
0%
No matching quizzes found
Score Distribution
Percent of People with Each Score
Percentile by Number Answered
Your Score History
You have not taken this quiz